Statistics for Largest cities in Iceland

Click here to take the quiz!

General Stats

  • This quiz has been taken 9 times
  • The average score is 2 of 5

Answer Stats

Population Answer % Correct
130,345Reykjavik
100%
33,205Kopavogur
33%
27,357Hafnarfjörður
33%
18,191Akureyri
22%
15,379Reykjanesbær
0%

Score Distribution

Percentile by Number Answered

Percent of People with Each Score

Your Score History

You have not taken this quiz